Κατάλογος Βιβλιοθηκών Mediterranean College

Βασικές Δεξιότητες στις Τεχνολογίες της Πληροφορίας και της Επικοινωνίας / Γ' ΚΠΣ Επιχειρησιακό Πρόγραμμα: Κοινωνία της Πληροφορίας (Record no. 5830)

MARC details
000 -LEADER
fixed length control field 01182cam a22001934a 4500
005 - ΗΜΕΡΟΜΗΝΙΑ ΚΑΙ ΩΡΑ ΤΕΛΕΥΤΑΙΑΣ ΕΝΗΜΕΡΩΣΗΣ
Πεδίο ελέγχου 20250605164223.0
008 - FIXED-LENGTH DATA ELEMENTS--GENERAL INFORMATION
Πεδίο ελέγχου σταθερού μήκους 250528s ||||||||||||||||||||||||d
035 ## - SYSTEM CONTROL NUMBER
System control number 20746
040 ## - ΠΗΓΗ ΚΑΤΑΛΟΓΟΓΡΑΦΗΣΗΣ
Φορέας πρωτότυπης καταλογογράφησης MC Athens Campus Library
Γλώσσα καταλογογράφησης Ελληνικά, Μοντέρνα (1453-)
Modifying agency MC Athens Campus Library
Κανόνες περιγραφικής καταλογογράφησης AACR2
245 1# - ΤΙΤΛΟΣ ΚΑΙ ΔΗΛΩΣΗ ΥΠΕΥΘΥΝΟΤΗΤΑΣ
Τίτλος Βασικές Δεξιότητες στις Τεχνολογίες της Πληροφορίας και της Επικοινωνίας / Γ' ΚΠΣ Επιχειρησιακό Πρόγραμμα: Κοινωνία της Πληροφορίας
260 ## - PUBLICATION, DISTRIBUTION, ETC.
Name of publisher, distributor, etc. Παιδαγωγικό Ινστιτούτο - Εαιτυ,
Date of publication, distribution, etc. 2005
300 ## - PHYSICAL DESCRIPTION
Extent 532
520 ## - SUMMARY, ETC.
Summary, etc. Εισαγωγή, Εισαγωγικές Έννοιες Πληροφορικής και Χρήση Η/Υ και Γραφικά Περιβάλλοντα Επικοινωνίας, Επεξεργασία Κειμένου, Υπολογιστά Φύλλα, Διαχείριση Πληροφοριών και Επικοινωνίες, Παρουσιάσεις, Πρακτική Εξάσκηση, Παράρτημα.
700 1# - ΠΡΟΣΘΕΤΗ ΑΝΑΓΡΑΦΗ--ΦΥΣΙΚΟ ΠΡΟΣΩΠΟ
Personal name Παπαδάκης Σπυρίδων Χ
9 (RLIN) 6715
700 1# - ΠΡΟΣΘΕΤΗ ΑΝΑΓΡΑΦΗ--ΦΥΣΙΚΟ ΠΡΟΣΩΠΟ
Personal name Χατζηπέρης Νικόλαος Θ
9 (RLIN) 6716
942 ## - ADDED ENTRY ELEMENTS (KOHA)
Koha item type Books
Holdings
Τύπος τεκμηρίου Βιβλιοθήκη Τρέχουσα τοποθεσία Barcode Αριθμός εισαγωγής Ημερομηνία απόκτησης Ταξιθετικό σύμβολο Αριθμός αντιτύπου Κατάσταση απόσυρσης Κατάσταση χαμένου Κατάσταση κατεστραμμένου Μη δανεισμός Σύνολο δανεισμών Ημερομηνία τελευταίας εμφάνισης Η τιμή ισχύει από
Books MC Athens Campus Library MC Athens Campus Library 9780000058294 7432 05/06/2025 303.4833 PAP 1           05/06/2025 05/06/2025

MC Athens Campus Library
Πατησίων 94 & Κοδριγκτώνος 13, 104 34
Πελλήνης 8 & Πατησίων 107, 112 51
Τ: +30 210 8899600

MC Thessaloniki Campus Library
Ίωνος Δραγούμη 21, 54625 | Ίωνος Δραγούμη 15, 54625
Τ: +30 2310 287779 – Τ: +30 2314 440300